Thủ tục giải quyết các vụ án hành chính (Biên soạn theo những tài liệu mới nhất)

Đã lưu trong:
Chi tiết về thư mục
Tác giả chính: Nguyễn Ngọc Điệp
Tác giả khác: Vũ Mạnh Thông.
Định dạng: Sách
Ngôn ngữ:Vietnamese
Được phát hành: Tp.HCM 2000
Các nhãn: Thêm thẻ
Không có thẻ, Là người đầu tiên thẻ bản ghi này!
Thư viện lưu trữ: Mạng thư viện Đại học Đà Nẵng
LEADER 00758nam a2200265 4500
001 000020683
003 17130
005 20150325090340.0
008 150325s2000 viesd
020 |c 30500 
041 0 |a vie 
082 1 4 |a 347.053  |b NG-Đ 
100 1 |a Nguyễn Ngọc Điệp 
245 1 0 |a Thủ tục giải quyết các vụ án hành chính (Biên soạn theo những tài liệu mới nhất)  |c Nguyễn Ngọc Điệp, Vũ Mạnh Thông. 
260 |b Tp.HCM  |c 2000 
300 |a tr.  |c cm. 
700 1 |a Vũ Mạnh Thông. 
OWN |a LSP 
999 |a From the UDN01 
TYP |a Monograph 
TYP |a Printed language 
980 |a Mạng thư viện Đại học Đà Nẵng